| 000 | 00000nam##2200000za#4500 |
| 001 | 9.577602 |
| 003 | CaOODSP |
| 005 | 20210624185705 |
| 007 | cr ||||||||||| |
| 008 | 150406|2009||||xxc|||||o f|0| 0 eng|d |
| 040 | |aCaOODSP|beng |
| 043 | |an-cn--- |
| 086 | 1 |aTU3-8/09-0084E-PDF |
| 110 | 2 |aTransportation Safety Board of Canada. |
| 245 | 10|aCrude oil pipeline leak - Enbridge Pipelines Inc., Line 2, Mile Post 474.7335 near Odessa, Saskatchewan, 29 September 2009 |h[electronic resource] |
| 260 | |bTransportation Safety Board of Canada |c[2010]. |
| 300 | |a15p.|bfig., map, photographs |
| 490 | 1 |aPipeline investigation report |vP09H0084 |
| 590 | |a13-22-Supp|b2013-09-26 |
| 775 | 08|tFuite de pétrole brut d'un pipeline - Enbridge Pipelines Inc. Canalisation 2, poteau milliaire 474,7335 près d'Odessa (Saskatchewan) le 29 septembre 2009 |w(CaOODSP)9.606162 |
| 830 | #0|aPipeline investigation report ;|vP09H0084|w(CaOODSP)9.505671 |
| 856 | 40|ahttp://publications.gc.ca|qPDF|s561 KB|uhttps://publications.gc.ca/collections/collection_2013/bst-tsb/TU3-8-09-0084-eng.pdf|yP09H0084 |